00335 2200145 4500245004700000250001100047100002400058650001700082650001600099005001900115260001800134041001400152084001400166336000900180 aBukan KebetulancNada Khalisa RaudhahText aCet. 1 aNada Khalisa Raudha aAutobiografi aKarya Siswa a20250522114358 aJakartac2025 aIndonesia a081 NAD b atext